00778nam a2200205 i 450000100060000000300090000600500170001500700030003200800410003510000310007624501290010726000350023630000340027170000260030570000340033170000360036585200320040199900170043395201220045031214ES-MaACL20230906154334.0t|030128s1972 sp ||||1| spa d1 aBehrens, Charles F.92705910aMedicina nuclear / cCharles F. Behrens, E. Richard King, James W. J. Carpender ; [versión revisada por Juan R. Zaragoza]. aBarcelona : bSalvat, c[1972] aXV, 818 p. : bil. ; c25 cm.1 aKing, Richard.9680661 aCarpender, James W. J.9354301 aZaragoza, Juan Ramón.9118038 aES-MaACLjC-43090 bR.82664 c31214d31214 00104070aATENEOMbATENEOMcDEPO2d2008-01-17eSCl0oC-43090p1032247r2023-02-23 00:00:00w2023-02-23yMONOGRAFIA